Missing Word: Pauls Quiz Stats

Quiz not verified by Sporcle

Challenge
Share
Tweet
Embed
Score 0/16 Timer 03:00
0 Plays Today
Hint Missing Word % Correct
Paul DanoLittle
97%
Paul ReubensBuffy
96.2%
Paul ReubensAdventure
91.7%
Paul WalkerFurious
91%
Paul ReubensNightmare
87.2%
Paul DanoBlood
85.7%
Paul ScofieldKing
85.7%
Paul DanoCowboys
78.9%
Hint Missing Word % Correct
Paul DanoSlave
78.9%
Paul ScofieldSeasons
78.9%
Paul ReubensReturns
77.4%
Paul ScofieldShow
76.7%
Paul WalkerFlags
57.9%
Paul WalkerEight
44.4%
Paul ScofieldDelicate
36.8%
Paul WalkerBlue
24.8%

You're not logged in!

Compare scores with friends on all Sporcle quizzes.
Sign Up with Email
OR
Log In

You Might Also Like...

Show Comments

Extras

Top Quizzes Today


Score Distribution

Your Account Isn't Verified!

In order to create a playlist on Sporcle, you need to verify the email address you used during registration. Go to your Sporcle Settings to finish the process.

Report this User

Report this user for behavior that violates our Community Guidelines.

Details: